Conventional and powder mixed electro-discharge machining : (Record no. 43963)

MARC details
001 - CONTROL NUMBER
control field 23876054
003 - CONTROL NUMBER IDENTIFIER
control field 0000
005 - DATE AND TIME OF LATEST TRANSACTION
control field 20251031105649.0
008 - FIXED-LENGTH DATA ELEMENTS--GENERAL INFORMATION
fixed length control field 240925s2025 flu b 001 0 eng
010 ## - LIBRARY OF CONGRESS CONTROL NUMBER
LC control number 2024008641
020 ## - INTERNATIONAL STANDARD BOOK NUMBER
International Standard Book Number 9781032452760
035 ## - SYSTEM CONTROL NUMBER
System control number 23876054
040 ## - CATALOGING SOURCE
Original cataloging agency DLC
Language of cataloging eng
Description conventions rda
Transcribing agency DLC
Modifying agency DLC
042 ## - AUTHENTICATION CODE
Authentication code pcc
050 00 - LIBRARY OF CONGRESS CALL NUMBER
Classification number TJ 1210 .C62
100 ## - MAIN ENTRY--PERSONAL NAME
Personal name Abdul-Rani, Ahmad Majdi (editor)
245 00 - TITLE STATEMENT
Title Conventional and powder mixed electro-discharge machining :
Remainder of title biomedical applications /
Statement of responsibility, etc edited by Ahmad Majdi Abdul-Rani, Masdi Muhammad, T V V L N Rao, Saeed Rubaiee, Anaa Ahmed and Mohd Danish.
264 #1 - PUBLICATION, DISTRIBUTION, ETC. (IMPRINT)
Place of publication, distribution, etc Boca Raton, FL :
Name of publisher, distributor, etc CRC Press,
Date of publication, distribution, etc 2025.
300 ## - PHYSICAL DESCRIPTION
Extent xx, 186p. ill.
336 ## - CONTENT TYPE
Content type term text
Content type code txt
Source rdacontent
337 ## - MEDIA TYPE
Media type term unmediated
Media type code n
Source rdamedia
338 ## - CARRIER TYPE
Carrier type term volume
Carrier type code nc
Source rdacarrier
490 0# - SERIES STATEMENT
Series statement Advances in design, materials and manufacturing for sustainability
504 ## - BIBLIOGRAPHY, ETC. NOTE
Bibliography, etc Includes bibliographical references and index.
505 2# - FORMATTED CONTENTS NOTE
Formatted contents note Conventional EDM of titanium and molybdenum alloys / Alexis Mouangue, Ahmad Majdi Abdul-Rani, Masdi bin Muhammad, T V V L N Rao.
520 ## - SUMMARY, ETC.
Summary, etc "This book presents the evolution of electro-discharge machining (EDM) process from conventional EDM to powder mixed EDM with emphases on the biomedical applications. It discusses the theory behind each process and their applications in the field of biomedical applications, and presents a brief background to various EDM processes, current research challenges, and detailed case studies of powder mixed EDM of various materials. It also includes the state-of-the-art review of the EDM process. Focuses on biomedical implant and device manufacturing using commercialization of Powder Mixed Electro-Discharge Machining (PM-EDM) technology Discusses surface modification of biomaterials through PM-EDM process Reviews processing of the metallic biomaterials for biomedical applications Explores optimization of the process factors for achieving optimal responses using NSGA-II Includes comprehensive mechanism and application details of PM-EDM process This book is aimed at graduate students, researchers in manufacturing, production, materials, and biomedical engineering"--
Assigning source Provided by publisher.
650 #0 - SUBJECT ADDED ENTRY--TOPICAL TERM
Topical term or geographic name as entry element Electric discharge machining
General subdivision
650 #0 - SUBJECT ADDED ENTRY--TOPICAL TERM
Topical term or geographic name as entry element
700 1# - ADDED ENTRY--PERSONAL NAME
Personal name Abdul-Rani, Ahmad Majdi,
Relator term editor.
776 08 - ADDITIONAL PHYSICAL FORM ENTRY
Relationship information Online version:
Title Conventional and powder mixed electro-discharge machining
Edition First edition.
Place, publisher, and date of publication Boca Raton, FL : CRC Press, Taylor & Francis Group, 2025
International Standard Book Number 9781003456018
Record control number (DLC) 2024008642
906 ## - LOCAL DATA ELEMENT F, LDF (RLIN)
a 7
b cbc
c orignew
d 1
e ecip
f 20
g y-gencatlg
942 ## - ADDED ENTRY ELEMENTS (KOHA)
Source of classification or shelving scheme Library of Congress Classification
Koha item type Books
Holdings
Withdrawn status Lost status Source of classification or shelving scheme Damaged status Not for loan Permanent Location Current Location Date acquired Total Checkouts Full call number Barcode Date last seen Price effective from Koha item type
    Library of Congress Classification     NILE UNIVERSITY OF NIGERIA - MAIN LIBRARY NILE UNIVERSITY OF NIGERIA - MAIN LIBRARY 10/31/2025   TJ 1210 .C62 2025 0199407 10/31/2025 10/31/2025 Books